Reforming Secondary Education (Record no. 24521)
[ view plain ]
| 000 -LEADER | |
|---|---|
| fixed length control field | 00240nam a2200085Ia 4500 |
| 008 - FIXED-LENGTH DATA ELEMENTS--GENERAL INFORMATION | |
| fixed length control field | 170620s9999 xx 000 0 und d |
| 100 ## - MAIN ENTRY--PERSONAL NAME | |
| Personal name | Rao- Digumarti Bhaskara |
| 245 #0 - TITLE STATEMENT | |
| Title | Reforming Secondary Education |
| 260 ## - PUBLICATION, DISTRIBUTION, ETC. | |
| Name of publisher, distributor, etc. | New Delhi- Discovery Publishing House |
| 260 ## - PUBLICATION, DISTRIBUTION, ETC. | |
| Date of publication, distribution, etc. | 2007 |
No items available.

